Návrh prevádzky tepelného spracovania v podmienkach VÚCHV Svit : Diplomová práca

Gespeichert in:
Bibliographische Detailangaben
1. Verfasser: Jenča, Jozef (Verfasst von)
Weitere Verfasser: Ivančák, Alojz (xxx)
Format: Manuskript Buch
Sprache:Slowakisch
Veröffentlicht: Trnava : SVŠT v Bratislave StF KNoM, 1989
Schlagworte:
Tags: Tag hinzufügen
Keine Tags, Fügen Sie das erste Tag hinzu!

MARC

LEADER 00000ntm a22000003a 4500
001 stu104862
005 20160719162720.3
008 060125s1989----cs------------------slo-d
040 |a STU  |b slo 
041 0 |a slo 
044 |a cs 
100 1 |a Jenča, Jozef  |4 aut 
245 1 |a Návrh prevádzky tepelného spracovania v podmienkach VÚCHV Svit :  |b Diplomová práca 
260 |a Trnava :  |b SVŠT v Bratislave StF KNoM,  |c 1989 
300 |a 55 s  |c príl 
650 7 |a strojárska technológia  |2 stusub 
650 7 |a tepelné spracovanie ocelí  |2 stusub 
700 1 |a Ivančák, Alojz  |4 xxx